000 00398cam a22001097a 4500
008 180718b1975 xxu||||| |||| 00| 0 eng d
082 _aT068x54 In2
245 _aTables with notes on household consumer expenditure, enterprise and demographic particulars
_cby Ministry of Planning.
260 _aNew Delhi
_bGovernment of India
_c1975
300 _a201 no. v.p.
700 _aIndia. Ministry of Planning.
999 _c497129
_d497129